000 00562nam a2200217Ia 4500
003 OSt
005 20220918192445.0
006 a|||||r|||| 00| 0
007 ta
008 220917b |||||||| |||| 00| 0 eng d
024 _a68,453
037 _cTextual
040 _aARTS
_cARTS
_beng
041 _2eng
_aeng
082 _aR3xN09:2, K8
100 _aWeil Simone
_976592
245 0 _aScience, necessity and the love of God ed by Richard Rees
260 _c1968
942 _hR3xN09:2, K8
_cTEXL
_2CC
999 _c194624
_d194624